000 01132nam a22002897a 4500
003 DO-SdBNP
005 20220318132330.0
007 ta
008 210311b 2020 dr a 00| 0 eng d
020 _a9789945094053
040 _aDO-SdBNP
_bspa
_cBNPHU
082 4 _a628.96
_bC352g
_222
100 1 _aCastillo Lachapelle, Ramón Aquiles
_978105
245 1 0 _aGestión de plagas urbanas /
_cRamón Aquiles Castillo Lachapelle ; prólogo Ángel Solís.
260 _aSanto Domingo :
_bCentro de Educación para el Medio Ambiente y la Agricultura,
_c2020.
300 _a118 p. :
_bil. ;
_c21 cm.
500 _aIncluye referencias bibliográficas y notas al pie de las páginas.
590 _aInventariado, 2021 /LP
590 _aLa biblioteca posee 1 ejemplar autografiado por el autor.
650 4 _aPlagas caseras
_xUtilización
_981316
650 4 _aPlaguicidas
_943691
650 4 _aControl de plagas
_920180
700 1 _aSolís, Ángel,
_epról.
_978106
710 2 _aCentro de Educación para el Medio Ambiente y la Agricultura (CEMAAGRI)
_978107
910 _aLopérez/Validado. Control de calidad MFF
942 _2ddc
_cLBS1
999 _c49544
_d49544